000 00691nam a22002537a 4500
003 UA-OsUOA
001 86543
007 ta
008 20120905b un ||||| |||| 00| 0 ukr d
100 _aМелья Б.
700 _aМиралья Л.
700 _aМюнцель М.
090 _a94(892)
_bМ48
942 _cBK
040 _aUA-OsUOA
_brus
_cUA-OsUOA
_dUA-OsUOA
245 _aАгония индейцев Аче-Гуаяки
_bистория и песни
300 _a159 с.
955 _a5
041 _arus
080 _a94(892)
260 _aМ.
_bПрогресс
_c1982
650 7 _a9 Географія. Біографії. Історія
_2UDC
999 _c372621
_d372621